[Event "ABC 2024 Utrecht, Groep BCm"]
[Site "Utrecht."]
[Date "2024.03.10"]
[Round "6.5"]
[White "Geerdink, Roos"]
[Black "Barbier, Emma"]
[Result "0-1"]
[WhiteElo "1071"]
[BlackElo "1464"]

1. d4 {[%clk 00:55:16]} {[%emt 00:00:04]} d5 {[%clk 00:55:17]} {[%emt
00:00:04]} 2. Bf4 {[%clk 00:55:19]} {[%emt 00:00:06]} Bf5 {[%clk 00:55:12]}
{[%emt 00:00:16]} 3. e3 {[%clk 00:55:18]} {[%emt 00:00:10]} Nf6 {[%clk
00:55:06]} {[%emt 00:00:17]} 4. c4 {[%clk 00:55:14]} {[%emt 00:00:14]} e6
{[%clk 00:55:07]} {[%emt 00:00:09]} 5. Nf3 {[%clk 00:55:16]} {[%emt 00:00:08]}
a6 {[%clk 00:54:51]} {[%emt 00:00:27]} 6. Nc3 {[%clk 00:54:46]} {[%emt
00:00:39]} Bb4 {[%clk 00:54:50]} {[%emt 00:00:12]} 7. Be2 {[%clk 00:54:40]}
{[%emt 00:00:14]} O-O {[%clk 00:54:54]} {[%emt 00:00:07]} 8. O-O {[%clk
00:54:44]} {[%emt 00:00:05]} Nc6 {[%clk 00:54:57]} {[%emt 00:00:08]} 9. Rc1
{[%clk 00:54:10]} {[%emt 00:00:44]} Ne7 {[%clk 00:54:12]} {[%emt 00:00:54]} 10.
a3 {[%clk 00:52:33]} {[%emt 00:01:48]} Bd6 {[%clk 00:53:12]} {[%emt 00:01:10]}
11. Ne5 {[%clk 00:49:15]} {[%emt 00:03:27]} Ng6 {[%clk 00:51:47]} {[%emt
00:01:34]} 12. Bd3 {[%clk 00:47:55]} {[%emt 00:01:31]} Bxd3 {[%clk 00:50:01]}
{[%emt 00:01:57]} 13. Qxd3 {[%clk 00:47:52]} {[%emt 00:00:12]} Bxe5 {[%clk
00:48:12]} {[%emt 00:01:59]} 14. Bxe5 {[%clk 00:47:37]} {[%emt 00:00:26]} Nxe5
{[%clk 00:47:55]} {[%emt 00:00:27]} 15. dxe5 {[%clk 00:47:32]} {[%emt
00:00:15]} Nd7 {[%clk 00:47:26]} {[%emt 00:00:39]} 16. Rcd1 {[%clk 00:47:26]}
{[%emt 00:00:16]} Nxe5 {[%clk 00:47:07]} {[%emt 00:00:28]} 17. Qe2 {[%clk
00:46:49]} {[%emt 00:00:47]} Nxc4 {[%clk 00:46:53]} {[%emt 00:00:24]} 18. Qxc4
{[%clk 00:46:48]} {[%emt 00:00:12]} dxc4 {[%clk 00:46:52]} {[%emt 00:00:11]} 19.
Rxd8 {[%clk 00:46:49]} {[%emt 00:00:08]} Raxd8 {[%clk 00:46:56]} {[%emt
00:00:07]} 20. e4 {[%clk 00:45:35]} {[%emt 00:01:22]} Rd2 {[%clk 00:46:39]}
{[%emt 00:00:28]} 21. Rb1 {[%clk 00:45:10]} {[%emt 00:00:33]} Rfd8 {[%clk
00:46:36]} {[%emt 00:00:15]} 22. g3 {[%clk 00:44:48]} {[%emt 00:00:32]} Rc2
{[%clk 00:46:20]} {[%emt 00:00:25]} 23. e5 {[%clk 00:42:06]} {[%emt 00:02:53]}
b5 {[%clk 00:45:05]} {[%emt 00:01:26]} 24. Ne4 {[%clk 00:41:45]} {[%emt
00:00:30]} Rd5 {[%clk 00:43:54]} {[%emt 00:01:20]} 25. Ng5 {[%clk 00:39:22]}
{[%emt 00:02:34]} Rxe5 {[%clk 00:43:09]} {[%emt 00:00:54]} 26. Rd1 {[%clk
00:39:04]} {[%emt 00:00:29]} Rd5 {[%clk 00:43:07]} {[%emt 00:00:12]} 27. Rxd5
{[%clk 00:37:33]} {[%emt 00:01:42]} exd5 {[%clk 00:43:15]} {[%emt 00:00:02]} 28.
h4 {[%clk 00:37:18]} {[%emt 00:00:24]} Rxb2 {[%clk 00:43:13]} {[%emt 00:00:12]}
29. Kg2 {[%clk 00:36:35]} {[%emt 00:00:53]} c3 {[%clk 00:43:16]} {[%emt
00:00:08]} 30. Kf3 {[%clk 00:36:03]} {[%emt 00:00:40]} c2 {[%clk 00:43:18]}
{[%emt 00:00:09]} 31. Kg4 {[%clk 00:35:56]} {[%emt 00:00:17]} c1=Q {[%clk
00:43:21]} {[%emt 00:00:07]} 32. f4 {[%clk 00:35:53]} {[%emt 00:00:13]} Qd1+
{[%clk 00:43:07]} {[%emt 00:00:24]} 33. Kf5 {[%clk 00:35:44]} {[%emt 00:00:20]}
g6+ {[%clk 00:43:02]} {[%emt 00:00:14]} 34. Kf6 {[%clk 00:35:36]} {[%emt
00:00:18]} Qd4+ {[%clk 00:42:59]} {[%emt 00:00:13]} 35. Ke7 {[%clk 00:35:27]}
{[%emt 00:00:19]} Re2+ {[%clk 00:43:07]} {[%emt 00:00:03]} 36. Kd7 {[%clk
00:35:09]} {[%emt 00:00:27]} Qf6 {[%clk 00:42:54]} {[%emt 00:00:19]} 37. Kxc7
{[%clk 00:34:42]} {[%emt 00:00:42]} Re7+ {[%clk 00:42:48]} {[%emt 00:00:16]} 38.
Kd8 {[%clk 00:34:32]} {[%emt 00:00:19]} Qd6+ {[%clk 00:42:52]} {[%emt
00:00:05]} 39. Kc8 {[%clk 00:34:31]} {[%emt 00:00:12]} Qc7# {[%clk 00:42:47]}
{[%emt 00:00:04]} 0-1

[Event "ABC 2024 Utrecht, Groep BCm"]
[Site "Utrecht."]
[Date "2024.03.10"]
[Round "7.1"]
[White "Yildirim, Azra"]
[Black "Oostinga, Elisa"]
[Result "1-0"]
[WhiteElo "1635"]
[BlackElo "1766"]

1. e4 {[%clk 00:55:17]} {[%emt 00:00:02]} c6 {[%clk 00:55:15]} {[%emt
00:00:05]} 2. d4 {[%clk 00:55:17]} {[%emt 00:00:11]} d5 {[%clk 00:55:20]}
{[%emt 00:00:04]} 3. e5 {[%clk 00:55:17]} {[%emt 00:00:10]} Bf5 {[%clk
00:55:20]} {[%emt 00:00:09]} 4. Be2 {[%clk 00:53:09]} {[%emt 00:02:19]} e6
{[%clk 00:55:17]} {[%emt 00:00:13]} 5. c3 {[%clk 00:51:07]} {[%emt 00:02:13]}
c5 {[%clk 00:52:04]} {[%emt 00:03:24]} 6. Bb5+ {[%clk 00:47:39]} {[%emt
00:03:38]} Nc6 {[%clk 00:51:15]} {[%emt 00:00:57]} 7. Qa4 {[%clk 00:44:33]}
{[%emt 00:03:16]} Qb6 {[%clk 00:44:01]} {[%emt 00:07:24]} 8. Be3 {[%clk
00:43:03]} {[%emt 00:01:40]} Rc8 {[%clk 00:37:55]} {[%emt 00:06:14]} 9. Nd2
{[%clk 00:40:18]} {[%emt 00:02:57]} a6 {[%clk 00:35:59]} {[%emt 00:02:07]} 10.
Bxc6+ {[%clk 00:38:22]} {[%emt 00:02:06]} Rxc6 {[%clk 00:35:34]} {[%emt
00:00:35]} 11. b3 {[%clk 00:33:01]} {[%emt 00:05:32]} Qc7 {[%clk 00:31:14]}
{[%emt 00:04:28]} 12. dxc5 {[%clk 00:26:27]} {[%emt 00:06:44]} b5 {[%clk
00:30:25]} {[%emt 00:00:59]} 13. cxb6 {[%clk 00:26:18]} {[%emt 00:00:21]} Qc8
{[%clk 00:29:45]} {[%emt 00:00:49]} 14. Ngf3 {[%clk 00:24:45]} {[%emt
00:01:43]} Kd8 {[%clk 00:20:27]} {[%emt 00:09:28]} 15. Qa5 {[%clk 00:21:54]}
{[%emt 00:03:01]} Qb7 {[%clk 00:18:42]} {[%emt 00:01:55]} 16. c4 {[%clk
00:19:25]} {[%emt 00:02:39]} Bd3 {[%clk 00:16:09]} {[%emt 00:02:42]} 17. Qc3
{[%clk 00:15:58]} {[%emt 00:03:37]} 1-0

[Event "ABC 2024 Utrecht, Groep BCm"]
[Site "Utrecht."]
[Date "2024.03.10"]
[Round "7.2"]
[White "Barbier, Sarah"]
[Black "Kulikova, Polina"]
[Result "0-1"]
[WhiteElo "1429"]
[BlackElo "1791"]

1. e4 {[%clk 00:55:19]} {[%emt 00:16:24]} c6 {[%clk 00:55:17]} {[%emt
00:00:04]} 2. d4 {[%clk 00:53:51]} {[%emt 00:01:38]} d5 {[%clk 00:55:18]}
{[%emt 00:00:09]} 3. e5 {[%clk 00:51:57]} {[%emt 00:02:04]} Bf5 {[%clk
00:55:24]} {[%emt 00:00:04]} 4. Nf3 {[%clk 00:50:52]} {[%emt 00:01:14]} e6
{[%clk 00:55:25]} {[%emt 00:00:10]} 5. Bg5 {[%clk 00:50:09]} {[%emt 00:00:53]}
Qb6 {[%clk 00:52:40]} {[%emt 00:02:54]} 6. b3 {[%clk 00:49:13]} {[%emt
00:01:08]} c5 {[%clk 00:51:07]} {[%emt 00:01:42]} 7. a4 {[%clk 00:47:26]}
{[%emt 00:01:57]} Nc6 {[%clk 00:49:47]} {[%emt 00:01:30]} 8. c3 {[%clk
00:46:35]} {[%emt 00:01:00]} Bg4 {[%clk 00:46:32]} {[%emt 00:03:26]} 9. Be3
{[%clk 00:45:37]} {[%emt 00:01:08]} Bxf3 {[%clk 00:44:26]} {[%emt 00:02:15]} 10.
gxf3 {[%clk 00:45:02]} {[%emt 00:00:46]} cxd4 {[%clk 00:41:25]} {[%emt
00:03:11]} 11. cxd4 {[%clk 00:44:47]} {[%emt 00:00:25]} Bb4+ {[%clk 00:39:39]}
{[%emt 00:01:55]} 12. Bd2 {[%clk 00:41:28]} {[%emt 00:03:29]} Qxd4 {[%emt
00:00:53]} 13. Ra2 {[%clk 00:41:12]} {[%emt 00:00:24]} Qxe5+ {[%clk 00:36:28]}
{[%emt 00:02:41]} 14. Be2 {[%clk 00:41:03]} {[%emt 00:00:19]} Bxd2+ {[%clk
00:34:12]} {[%emt 00:02:25]} 15. Rxd2 {[%clk 00:41:03]} {[%emt 00:00:11]} Nge7
{[%clk 00:32:10]} {[%emt 00:02:12]} 16. Rg1 {[%clk 00:40:01]} {[%emt 00:01:12]}
Nf5 {[%clk 00:29:57]} {[%emt 00:02:23]} 17. Kf1 {[%clk 00:39:26]} {[%emt
00:00:43]} Qxh2 {[%clk 00:28:06]} {[%emt 00:02:03]} 18. Na3 {[%clk 00:38:31]}
{[%emt 00:01:03]} a6 {[%clk 00:26:52]} {[%emt 00:01:27]} 19. Qa1 {[%clk
00:38:06]} {[%emt 00:00:33]} Qh6 {[%clk 00:22:53]} {[%emt 00:04:10]} 20. Rd1
{[%clk 00:37:39]} {[%emt 00:00:36]} Rc8 {[%clk 00:19:47]} {[%emt 00:03:16]} 21.
Bd3 {[%clk 00:37:01]} {[%emt 00:00:49]} Ncd4 {[%clk 00:18:25]} {[%emt
00:01:30]} 22. Bxf5 {[%clk 00:36:20]} {[%emt 00:00:53]} Nxf5 {[%clk 00:18:32]}
{[%emt 00:00:03]} 23. Ke2 {[%clk 00:35:54]} {[%emt 00:00:36]} Qf6 {[%clk
00:17:23]} {[%emt 00:01:18]} 24. Qb1 {[%clk 00:35:28]} {[%emt 00:00:37]} Nd4+
{[%clk 00:16:40]} {[%emt 00:00:53]} 25. Kf1 {[%clk 00:35:11]} {[%emt 00:00:27]}
Nxf3 {[%clk 00:15:55]} {[%emt 00:00:54]} 26. Rh1 {[%clk 00:34:38]} {[%emt
00:00:39]} h6 {[%clk 00:15:29]} {[%emt 00:00:40]} 27. Rc1 {[%clk 00:34:21]}
{[%emt 00:00:27]} Nd2+ {[%clk 00:14:33]} {[%emt 00:01:08]} 28. Ke2 {[%clk
00:34:20]} {[%emt 00:00:10]} Nxb1 {[%clk 00:13:44]} {[%emt 00:00:59]} 29. Rxc8+
{[%clk 00:34:21]} {[%emt 00:00:09]} Kd7 {[%clk 00:13:50]} {[%emt 00:00:03]} 30.
Rxh8 {[%clk 00:34:06]} {[%emt 00:00:26]} Qb2+ {[%clk 00:13:34]} {[%emt
00:00:27]} 31. Kf3 {[%clk 00:33:39]} {[%emt 00:00:36]} Nxa3 {[%clk 00:13:28]}
{[%emt 00:00:16]} 0-1

[Event "ABC 2024 Utrecht, Groep BCm"]
[Site "Utrecht."]
[Date "2024.03.10"]
[Round "7.3"]
[White "Jermin, Ayleanna"]
[Black "Rutten, Lenthe"]
[Result "0-1"]
[WhiteElo "1197"]
[BlackElo "1343"]

1. e4 {[%clk 00:55:19]} c5 {[%clk 00:55:17]} {[%emt 00:00:04]} 2. c3 {[%clk
00:54:40]} {[%emt 00:00:48]} Nc6 {[%clk 00:54:59]} {[%emt 00:00:28]} 3. d4
{[%clk 00:54:14]} {[%emt 00:00:37]} cxd4 {[%clk 00:54:33]} {[%emt 00:00:35]} 4.
cxd4 {[%clk 00:54:05]} {[%emt 00:00:18]} e6 {[%clk 00:53:14]} {[%emt 00:01:29]}
5. Nc3 {[%clk 00:53:13]} {[%emt 00:01:03]} d5 {[%clk 00:51:42]} {[%emt
00:01:42]} 6. f3 {[%clk 00:52:21]} {[%emt 00:01:02]} Bb4 {[%clk 00:50:24]}
{[%emt 00:01:28]} 7. Bd2 {[%clk 00:52:04]} {[%emt 00:00:27]} Nxd4 {[%clk
00:49:38]} {[%emt 00:00:57]} 8. a3 {[%clk 00:50:28]} {[%emt 00:01:45]} Qa5
{[%clk 00:48:00]} {[%emt 00:01:48]} 9. axb4 {[%clk 00:49:50]} {[%emt 00:00:48]}
Qxa1 {[%clk 00:47:43]} {[%emt 00:00:27]} 10. Bb5+ {[%clk 00:48:20]} {[%emt
00:01:39]} Bd7 {[%clk 00:47:34]} {[%emt 00:00:20]} 11. Bxd7+ {[%clk 00:47:35]}
{[%emt 00:00:55]} Kxd7 {[%clk 00:47:32]} {[%emt 00:00:12]} 12. Bc1 {[%clk
00:46:35]} {[%emt 00:01:10]} Rc8 {[%clk 00:45:00]} {[%emt 00:02:42]} 13. Nh3
{[%clk 00:44:49]} {[%emt 00:01:56]} Rc4 {[%clk 00:43:50]} {[%emt 00:01:20]} 14.
O-O {[%clk 00:43:49]} {[%emt 00:01:10]} Rxb4 {[%clk 00:43:31]} {[%emt
00:00:30]} 15. Ng5 {[%clk 00:43:46]} {[%emt 00:00:12]} Ke7 {[%clk 00:42:34]}
{[%emt 00:01:07]} 16. exd5 {[%clk 00:43:20]} {[%emt 00:00:36]} Nf6 {[%clk
00:39:22]} {[%emt 00:03:22]} 17. d6+ {[%clk 00:43:02]} {[%emt 00:00:26]} Kd7
{[%clk 00:38:28]} {[%emt 00:01:06]} 18. Nxf7 {[%clk 00:42:45]} {[%emt
00:00:26]} Rf8 {[%clk 00:37:45]} {[%emt 00:00:54]} 19. Ng5 {[%clk 00:42:40]}
{[%emt 00:00:15]} Qa6 {[%clk 00:37:21]} {[%emt 00:00:34]} 20. Nge4 {[%clk
00:42:07]} {[%emt 00:00:43]} Qb6 {[%clk 00:36:29]} {[%emt 00:01:02]} 21. Kh1
{[%clk 00:40:57]} {[%emt 00:01:20]} Nxe4 {[%clk 00:35:46]} {[%emt 00:00:53]} 22.
Nxe4 {[%clk 00:41:00]} {[%emt 00:00:07]} Qc6 {[%clk 00:33:31]} {[%emt
00:02:26]} 23. Nf2 {[%clk 00:40:08]} {[%emt 00:01:01]} Nxf3 {[%clk 00:30:53]}
{[%emt 00:02:48]} 24. Bd2 {[%clk 00:39:04]} {[%emt 00:01:14]} Nh4 {[%clk
00:29:09]} {[%emt 00:01:55]} 25. Qg4 {[%clk 00:37:27]} {[%emt 00:01:45]} Rxg4
{[%clk 00:28:17]} {[%emt 00:01:03]} 26. Rg1 {[%clk 00:36:39]} {[%emt 00:00:57]}
Rxf2 {[%clk 00:28:11]} {[%emt 00:00:17]} 27. Be1 {[%clk 00:36:28]} {[%emt
00:00:21]} Rf1 {[%clk 00:28:06]} {[%emt 00:00:15]} 28. Bxh4 {[%clk 00:36:07]}
{[%emt 00:00:31]} Rxg1+ {[%clk 00:28:03]} {[%emt 00:00:13]} 29. Kxg1 {[%clk
00:36:11]} {[%emt 00:00:07]} Qxg2# {[%clk 00:27:55]} {[%emt 00:00:07]} 0-1

[Event "ABC 2024 Utrecht, Groep BCm"]
[Site "Utrecht."]
[Date "2024.03.10"]
[Round "7.4"]
[White "Barbier, Emma"]
[Black "Esvelt, Klio"]
[Result "1-0"]
[WhiteElo "1464"]
[BlackElo "1352"]

1. e4 {[%clk 00:55:15]} {[%emt 00:00:04]} e5 {[%clk 00:55:16]} {[%emt
00:00:04]} 2. Nf3 {[%clk 00:55:18]} {[%emt 00:00:06]} Nc6 {[%clk 00:55:20]}
{[%emt 00:00:06]} 3. Nc3 {[%clk 00:55:25]} {[%emt 00:00:04]} Nf6 {[%clk
00:55:13]} {[%emt 00:00:17]} 4. Bc4 {[%clk 00:55:32]} {[%emt 00:00:03]} Bc5
{[%clk 00:55:17]} {[%emt 00:00:06]} 5. d3 {[%clk 00:55:39]} {[%emt 00:00:03]}
d6 {[%clk 00:55:16]} {[%emt 00:00:12]} 6. h3 {[%clk 00:55:44]} {[%emt
00:00:05]} h6 {[%clk 00:55:19]} {[%emt 00:00:06]} 7. O-O {[%clk 00:55:51]}
{[%emt 00:00:03]} Be6 {[%clk 00:55:23]} {[%emt 00:00:06]} 8. Bb3 {[%clk
00:55:57]} {[%emt 00:00:04]} Qd7 {[%clk 00:55:06]} {[%emt 00:00:25]} 9. Be3
{[%clk 00:55:35]} {[%emt 00:00:34]} Nd4 {[%clk 00:55:05]} {[%emt 00:00:11]} 10.
Bxd4 {[%clk 00:55:37]} {[%emt 00:00:08]} exd4 {[%clk 00:54:58]} {[%emt
00:00:17]} 11. Ne2 {[%clk 00:55:41]} {[%emt 00:00:05]} O-O-O {[%clk 00:54:28]}
{[%emt 00:00:40]} 12. Bxe6 {[%clk 00:55:40]} {[%emt 00:00:11]} fxe6 {[%clk
00:54:30]} {[%emt 00:00:09]} 13. Nexd4 {[%clk 00:55:40]} {[%emt 00:00:10]} Bxd4
{[%clk 00:54:28]} {[%emt 00:00:12]} 14. Nxd4 {[%clk 00:55:38]} {[%emt
00:00:12]} e5 {[%clk 00:54:30]} {[%emt 00:00:08]} 15. Nf3 {[%clk 00:55:35]}
{[%emt 00:00:13]} Rhg8 {[%clk 00:54:04]} {[%emt 00:00:37]} 16. Nh4 {[%clk
00:52:35]} {[%emt 00:03:09]} g5 {[%clk 00:53:21]} {[%emt 00:00:53]} 17. Nf5
{[%clk 00:51:01]} {[%emt 00:01:43]} h5 {[%clk 00:52:43]} {[%emt 00:00:49]} 18.
f3 {[%clk 00:49:30]} {[%emt 00:01:41]} g4 {[%clk 00:51:55]} {[%emt 00:00:58]}
19. hxg4 {[%clk 00:48:28]} {[%emt 00:01:11]} hxg4 {[%clk 00:52:03]} {[%emt
00:00:03]} 20. Nh6 {[%clk 00:47:56]} {[%emt 00:00:42]} Rh8 {[%clk 00:52:03]}
{[%emt 00:00:11]} 21. Nxg4 {[%clk 00:47:27]} {[%emt 00:00:38]} Nxg4 {[%clk
00:51:28]} {[%emt 00:00:45]} 22. fxg4 {[%clk 00:47:31]} {[%emt 00:00:06]} Qh7
{[%clk 00:51:25]} {[%emt 00:00:08]} 23. g5 {[%clk 00:46:59]} {[%emt 00:00:47]}
Rdf8 {[%clk 00:51:16]} {[%emt 00:00:20]} 24. Qg4+ {[%clk 00:46:29]} {[%emt
00:00:37]} Kb8 {[%clk 00:50:56]} {[%emt 00:00:32]} 25. Rxf8+ {[%clk 00:38:34]}
{[%emt 00:08:05]} Rxf8 {[%clk 00:50:53]} {[%emt 00:00:13]} 26. g6 {[%clk
00:35:28]} {[%emt 00:03:15]} Qg7 {[%clk 00:46:54]} {[%emt 00:04:05]} 27. Rf1
{[%clk 00:31:29]} {[%emt 00:04:15]} Rg8 {[%clk 00:45:11]} {[%emt 00:01:52]} 28.
Rf7 {[%clk 00:20:27]} {[%emt 00:11:12]} Qh6 {[%clk 00:41:09]} {[%emt 00:04:14]}
29. g7 {[%clk 00:18:18]} {[%emt 00:02:18]} b6 {[%clk 00:39:01]} {[%emt
00:02:17]} 30. Qd7 {[%emt 00:02:18]} Rc8 {[%clk 00:38:33]} {[%emt 00:00:36]} 31.
b3 {[%clk 00:11:57]} {[%emt 00:04:25]} Qh7 {[%clk 00:33:32]} {[%emt 00:05:11]}
32. Qxc8+ {[%clk 00:07:28]} {[%emt 00:04:39]} Kxc8 {[%clk 00:33:17]} {[%emt
00:00:25]} 33. Rf8+ {[%clk 00:07:31]} {[%emt 00:00:08]} Kb7 {[%clk 00:32:39]}
34. g8=Q {[%clk 00:07:31]} Qxg8 {[%clk 00:32:39]} 35. Rxg8 {[%clk 00:07:38]}
{[%emt 00:02:09]} Kc6 {[%clk 00:31:42]} {[%emt 00:00:09]} 36. Rf8 {[%clk
00:07:31]} {[%emt 00:00:17]} a5 {[%clk 00:31:39]} {[%emt 00:00:13]} 37. g4
{[%clk 00:07:32]} {[%emt 00:00:09]} Kb5 {[%clk 00:30:38]} {[%emt 00:01:10]} 38.
g5 {[%clk 00:07:28]} {[%emt 00:00:15]} Kb4 {[%clk 00:30:45]} {[%emt 00:00:03]}
39. g6 {[%clk 00:07:15]} {[%emt 00:00:22]} c5 {[%clk 00:30:51]} {[%emt
00:00:04]} 40. g7 {[%clk 00:07:05]} {[%emt 00:00:21]} Ka3 {[%clk 00:30:55]}
{[%emt 00:00:06]} 41. g8=Q {[%emt 00:00:10]} Kxa2 {[%emt 00:00:34]} 42. Qc4
{[%clk 00:06:19]} {[%emt 00:00:12]} Kb2 {[%clk 00:30:56]} {[%emt 00:00:09]} 43.
Rf1 {[%clk 00:05:55]} {[%emt 00:00:33]} Ka3 {[%clk 00:30:46]} {[%emt 00:00:20]}
44. Qa4+ {[%clk 00:05:47]} {[%emt 00:00:18]} Kb2 {[%clk 00:30:42]} {[%emt
00:00:15]} 45. Qa1+ {[%clk 00:05:48]} {[%emt 00:00:08]} Kxc2 {[%clk 00:30:40]}
{[%emt 00:00:12]} 46. Qa2+ {[%clk 00:05:32]} {[%emt 00:00:27]} Kxd3 {[%clk
00:30:35]} {[%emt 00:00:15]} 47. Rd1+ {[%clk 00:04:57]} {[%emt 00:00:44]} Kxe4
{[%clk 00:30:37]} {[%emt 00:00:08]} 48. Rxd6 {[%clk 00:05:04]} {[%emt
00:00:03]} b5 {[%clk 00:30:08]} {[%emt 00:00:40]} 49. Qc2+ {[%clk 00:05:06]}
{[%emt 00:00:07]} a4 {[%clk 00:29:37]} {[%emt 00:00:42]} 50. Qxc5 {[%clk
00:04:56]} {[%emt 00:00:20]} axb3 {[%clk 00:29:13]} {[%emt 00:00:34]} 51. Qb4+
{[%clk 00:05:00]} {[%emt 00:00:06]} Ke3 {[%clk 00:28:53]} {[%emt 00:00:30]} 52.
Qxb3+ {[%clk 00:05:04]} {[%emt 00:00:05]} Ke4 {[%clk 00:28:54]} {[%emt
00:00:10]} 53. Qxb5 {[%clk 00:05:07]} {[%emt 00:00:07]} Ke3 {[%clk 00:29:00]}
{[%emt 00:00:04]} 54. Qxe5+ {[%clk 00:05:05]} {[%emt 00:00:11]} Kf3 {[%clk
00:28:54]} {[%emt 00:00:17]} 55. Rf6+ {[%clk 00:05:12]} {[%emt 00:00:02]} Kg4
{[%clk 00:28:44]} {[%emt 00:00:20]} 56. Qe7 {[%clk 00:05:10]} {[%emt 00:00:12]}
Kg5 {[%clk 00:28:44]} {[%emt 00:00:09]} 57. Qg7+ {[%clk 00:05:13]} {[%emt
00:00:08]} Kh5 {[%clk 00:28:46]} {[%emt 00:00:08]} 58. Rh6# {[%clk 00:05:14]}
{[%emt 00:00:09]} 1-0